MDQL
is popping MORE tags! Check the
thread
!
Quizzes
Events
Quiz Creation
Community
Videos
Private Events
Remove Ads
Sign In
Join for FREE
Feedback
Dark Mode
Quiz Categories
Sports
Geography
Music
Movies
Television
Just For Fun
Miscellaneous
History
Literature
Language
Science
Gaming
Entertainment
Religion
Holiday
For Kids
Quiz Lab
Recent
Popular Today
Quiz Kudos Today
Editor Picks
Curator Picks
Quizzes by...
Day
Popularity
Type
Ratings
Length
Year
Community
Subscriptions
Recent Discussions
Orange Saloon
Badges
Playlists
Quests
Create
Leaderboards
Showdown
Live 5
Trivia Bingo
Activity
Puzzle Library
Sporcle Events
Private Events
Virtual Trivia
Globe League
Become a Host
Pub Owners
SporcleCon
Opinionation
Our Games
Videos
Blog
Mobile Apps
Partnerships
Remove Ads and Go Orange
Feedback
Music
Pop Music
The Beatles
Song
Album
Lyrics
Bands
Singers
Artist
Clip
Rock
Rap
Classical
Billboard
Country Music
Kpop
Taylor Swift
Music
Pop Music
The Beatles
Song
Album
Lyrics
Bands
Singers
Artist
Clip
Rock
Rap
Classical
Billboard
Country Music
Kpop
Taylor Swift
Random Quiz
Search Sporcle
×
Quiz Lab
Quiz Lab
Music
Album
Type in answers that appear in a list
Type in answers that appear in a list
Classic
Best Score? Go Orange.
Other Big 4 Stats
Can you name the Other Big 4 Thrash Bands' Albums?
By
massilimino
12m
40 Questions
63 Plays
63 Plays
63 Plays
Comments
Comments
Give Quiz Kudos
Give Quiz Kudos
-
- Ratings
hide this ad
Replay
Link that replays current quiz
Next Quiz
Link to next quiz in quiz playlist
You Got
0%
They Got
Avg Score
56%
Avg Friend Score
Upgrade to see
Score Distribution
Jump to the score distribution portion of the page
Score
0/40
Timer
12:00
0
Plays Today
% Correct
Bonded By Blood
96.8%
The Legacy
90.5%
The New Order
76.2%
Fabulous Disaster
74.6%
Practice What You Preach
74.6%
Years of Decay
71.4%
Souls of Black
68.3%
Tempo of the Damned
66.7%
Low
65.1%
Pleasures of the Flesh
63.5%
Impact Is Imminent
63.5%
Shovel Headed Kill Machine
63.5%
Feel The Fire
63.5%
Taking Over
60.3%
Demonic
58.7%
Formation of Damnation
58.7%
The Ultra Violence
58.7%
Under The Influence
57.1%
Horrorscope
57.1%
The Electric Age
57.1%
% Correct
Force of Habit
55.6%
The Ritual
55.6%
The Gathering
55.6%
Ironbound
55.6%
W.F.O.
54%
Act III
54%
I Hear Black
49.2%
Exhibit B: The Human Condition
47.6%
Frolic Through The Park
47.6%
Relentless Retribution
46%
From The Underground And Below
44.4%
Necroshine
44.4%
Bloodletting
44.4%
The Atrocity Exhibition: Exhibit A
42.9%
The Killing Kind
41.3%
ReliXIV
41.3%
Killbox 13
39.7%
Immortalis
39.7%
Killing Season
36.5%
The Art of Dying
25.4%
Quiz Playlist
Details
Report
Send in Message
Add To Playlist
Classic:
Type in answers that appear in a list
Quiz Source
Last Updated: Feb 16, 2017
Quiz Scoreboard
CHALLENGE
Sign Up to Join the Scoreboard
Show All
Scores
Hide
Comments
May contain spoilers
Recently Published
Find the 'City' Movie
by crazypaving
Movies
60s
5x2 Blitz: Bands
by SL_Kpop136
Music
30s
Colored Red Africa Blitz
by spor1
Geography
30s
More to Explore
Quiz From the Vault
Featured Blog Post
14 Easter Pick-up Lines to Find Eggs With
hide this ad
You Might Also Like...
Tags
Album Quiz
thrash
Today's Top Quizzes in Music
Browse Music
hide this ad
Today's Top Quizzes in Album
Browse Album
Top Contributed Quizzes in Music
1
5X2 Blitz: Bands II
2
Taylor Swift Logic Puzzle II
3
Taylor Swift All Songs (2024)
4
5X2 Blitz: The Beatles
5
5X2 Blitz: Billboard
6
5X2 Blitz: Singers
7
5X2 Blitz: Album
8
5X2 Blitz: Rock
9
Music Artist by Three 2010s hits
10
5X2 Blitz: Billboard II
Explore More
Trending Topics
Marvel
Disney
NBA
Kpop
Anime
Crossword
Harry Potter
Song
Country
NFL
WWE
Puzzle
Pokémon
Soccer
The Office
hide this ad
More By:
massilimino
Quiz
Plays
Rating
Category
Featured
Created
Thrash metal lineups
206
3.33
Music
Feb 11, 2012
Other Big 4
63
5.00
Music
Apr 21, 2012
Top 25 drivers
25
3.00
Sports
Mar 3, 2012
Go to Creator's Profile
Score Distribution
Quiz Creator Spotlight
massilimino
Follow
Send a Message
Quizzes Created
-
Created Quiz Play Count
-
More By This Creator
Popular Quizzes Today
1
Colored Red Africa Blitz
2
Find the 'City' Movie
3
5x2 Blitz: Bands
4
Find the US States - No Outlines Minefield
5
The Countries of the World
6
Find the US States
7
US States
8
9x9 Crossword: Cartoon Network
More Music Quizzes
Guess the Taylor Swift Song
Quiz Lab
Trending Quizzes
Colored Red Europe Blitz I
Colored Red Africa Blitz II
Colored Red Europe Blitz II
Colored Red Europe Blitz III
Colored Red Africa Blitz III
Recently Updated
Famous TV Couples
Peacemaker
Champions League XIs: Real Madrid
pecheneg
Largest US Cities 1790-2010
pecheneg
Rides in Walt Disney World
pecheneg
Most Oscar Losses (Acting)
pecheneg
Beyoncé Albums
pecheneg
Leaping Animals
pecheneg
Reality TV Shows (A-Z)
bhenderson79
Rickey Henderson's Hall of Fame Teammates
pecheneg
Champions League XIs: Arsenal
pecheneg
Trending Topics
NBA
Disney
Crossword
Marvel
Kpop
Harry Potter
Anime
WWE
Soccer
Country
Puzzle
Pokémon
The Office
NFL
Song
Your Account Isn't Verified!
In order to create a playlist on Sporcle, you need to verify the email address you used during registration. Go to your
Sporcle Settings
to finish the process.
Report this User
Report this user for behavior that violates our
Community Guidelines
.
Details:
Send Report
Go to the Sporcle.com Mobile Site →
Comments